00943nam a2200217 a 450000100100000000500170001000800410002704000250006808200150009310000500010824500580015830000280021650400410024465000280028565000310031304900090034495201270035395201120048095201180059299900150071000000852020200929161343.0090917s2004 dr a 000 0 spa d aDO-SdBNPbspacBNPHU a611bL817a1 aLockward Mota, Gabriel Eugenio,d1958-92285410aAnatomofisiología /cGabriel Eugenio Lockward Mota. a226 p. :bil. ;c22 cm. aIncluye bibliografías (p. 222-224) 4aAnatomía humana97327 4aFisiología humana922855 aBNPD 001054708DSaGRbGRcCTd2009-09-17iLF1l0o611 L817ap8520-30r2020-06-25te. 3w2020-06-25yLFDSZPréstamo en sala 0010718PDaPDbPDcCTd2009-09-17iLF1l0o611 L817ap8520-10r2020-06-25w2020-06-25yLFPDZNo se presta 0010718PDaPDbPDcCTd2009-09-17iLF1l0o611 L817ap8520-20r2020-06-25te. 2w2020-06-25yLFPDZNo se presta c8290d8290